| 000 | 00658cam a2200229 a 4500 | ||
|---|---|---|---|
| 001 | 000017455 | ||
| 005 | 20200929165123.0 | ||
| 008 | 840427s1972 sp 000 p spa d | ||
| 035 | _a(DLC) 73312137 | ||
| 040 |
_aDO-SdBNP _bspa _cCarP _dBNPHU |
||
| 082 |
_aA861.42 _bR424e |
||
| 100 | 1 |
_aRenzis, Enrique Ángel de, _d1925- _938167 |
|
| 245 | 1 | 4 |
_aUna sola vida / _cEnrique Ángel de Renzis. |
| 260 |
_aMadrid : _bAlfaguara, _c1972. |
||
| 300 |
_a64 p. ; _c22 cm. |
||
| 490 | 1 | _aÁgora | |
| 650 | 4 |
_aPoesía argentina _93859 |
|
| 650 | 4 |
_aLiteratura argentina _93860 |
|
| 830 | 0 |
_aÁgora _938168 |
|
| 910 | _aCatalogación por copia / LC | ||
| 049 | _aBNGR | ||
| 999 |
_c16980 _d16980 |
||